Tavolette lignee e cerate da varie collezioni /

محفوظ في:

المؤلف الرئيسي: Pintaudi, Rosario.

مؤلفون آخرون: Sijpesteijn, P. J.

التنسيق: كتاب

اللغة: Italian

منشور في: Firenze : Gonnelli, 1989.

سلاسل: Papyrologica Florentina ; 18.

الموضوعات:

الوسوم: إضافة وسم

لا توجد وسوم, كن أول من يضع وسما على هذه التسجيلة!

رقم الطلب: Z113.8 .P56 1989

LEADER 00971nam a22002537a 4500
003 OSt
005 20251201093502.0
008 251201t1989 it af 001 0 ita d
040 |c ARCE Library 
050 1 4 |a Z113.8  |b .P56 1989 
100 1 |a Pintaudi, Rosario. 
245 1 0 |a Tavolette lignee e cerate da varie collezioni /   |c Rosario Pintaudi, Pieter J. Sijpesteijn ; con i contributi di R.S. Bagnall, P. Cauderlier, A.E. Hanson, S. Pernigotti ; appendice di C. Frederici, L. Mita, M. Pezzano. 
264 1 |a Firenze :   |b Gonnelli,   |c 1989. 
300 |a 242 p., xciv p. of plates :   |b ill. ;   |c 31 cm. 
490 0 |a Papyrologica Florentina ;   |v 18. 
500 |a Includes index. 
546 |a Contributions en italien, anglais, et français ; extraits en grec. 
650 0 |a Inscriptions, Greek -- Egypt. 
650 0 |a Paleography, Greek. 
650 0 |a Tablets (Paleography) -- Egypt. 
700 1 |a Sijpesteijn, P. J. 
901 |a reviewed 
942 |2 lcc  |c BK 
999 |c 49528  |d 49528